| 000 | 00420nam a22001457a 4500 | ||
|---|---|---|---|
| 005 | 20161201151812.0 | ||
| 008 | 161201b xxu||||| |||| 00| 0 eng d | ||
| 040 | _cPK-LaUMT | ||
| 082 |
_aMSC 801.95 _bJIL-M |
||
| 100 | _aجیلانی کامران | ||
| 245 |
_aمغرب کے تنقیدی نظریے _cجیلانی کامران |
||
| 260 |
_aلاہور _bمکتبہ کارواں _c1996 |
||
| 300 | _a176 ص | ||
| 942 | _cBK | ||
| 999 |
_c89012 _d89012 |
||